[Event "FRA-ch 55th"]
[Site "Puteaux"]
[Date "1980.08.21"]
[Round "2"]
[White "Leski, Marc"]
[Black "Giffard, Nicolas"]
[Result "0-1"]
[WhiteElo "2370"]
[BlackElo "2300"]
[Annotator "Primel,D"]
[PlyCount "98"]
[EventDate "1980.08.20"]
[EventType "swiss"]
[EventRounds "11"]
[EventCountry "FRA"]
[SourceTitle "EXT 2007"]
[Source "ChessBase"]
[SourceDate "2006.11.23"]
[SourceVersion "1"]
[SourceVersionDate "2006.11.23"]
[SourceQuality "1"]

1. Nf3 c5 2. g3 b6 3. Bg2 Bb7 4. c4 Nf6 5. O-O e6 6. Nc3 Be7 7. d4 (7. Re1 {
devenu plus populaire au cours des années 90}) 7... cxd4 8. Qxd4 $1 (8. Nxd4
$143 $6 Bxg2 9. Kxg2 Qc8 $132 {[%cal Gc8c4,Gc8b7]}) 8... d6 (8... Nc6 $143 {
Une mauvaise case pour le N dans les structures hérisson. Il est mieux placé
en " d7" pour protéger les cases b6 et c5} 9. Qf4 $1 {[%csl Rb7,Rc6]} O-O 10.
Rd1 {[%csl Rd6]} Qb8 11. b3 $1 (11. Qxb8 Raxb8 12. Bf4 Rbc8 13. Ne5 {[%cal
Gg2b7]} d6 14. Nxc6 Bxc6 15. Bxd6 Bxd6 16. Rxd6 Bxg2 17. Kxg2 Rxc4) 11... d6
12. Bb2 Rd8 13. e4 $16 {[%csl Rc6] avec un avantage d'espace blanc et une
meilleure activité des pièces.}) 9. b3 (9. Rd1 {La ligne principale} a6 (9...
O-O $6 {[%csl Ra6,Rb5,Rd6] Une imprecision théorique} 10. e4 $1 (10. Bg5 $143
Nbd7 11. Nb5 d5 12. cxd5 Bxd5 13. Nc3 Bc6 14. Rac1 $14) (10. b3 $143 Nbd7 11.
Bb2 (11. Ba3 Nc5 12. b4 Nce4 13. Nxe4 Bxe4 14. b5 Qc8 15. Bxd6 Rd8 16. c5 bxc5
17. Qe5 Bxd6 18. Rxd6 Rxd6 19. Qxd6 Rb8 20. a4 $14) 11... a6) 10... Nbd7 11. b3
a6 12. Ba3 $1 Nc5 13. e5 dxe5 14. Qxd8 Rfxd8 15. Nxe5 Bxg2 16. Kxg2 {[%csl Rc6]
[%cal Ga3e7]} Bf8 17. Bxc5 $1 Bxc5 18. Na4 $1 {[%csl Rb6] Une manoeuvre
thématique} Kf8 19. Nxc5 (19. b4 $5 Bxb4 20. Nxb6 Bc3 21. Nxa8 Rxa8 22. Nd7+
Nxd7 23. Rac1 Nc5 24. Rxc3 $14) 19... bxc5 20. Nc6 $1 $16 {Avec une bonne
finale pour les blancs}) 10. b3 Nbd7 11. e4 Qc7 (11... Qc8 $1 12. Bb2 (12. Ba3
Nc5 13. e5 dxe5 14. Nxe5 Bxg2 15. Kxg2 Qb7+ 16. f3 O-O 17. Qe3 Rfd8 $11) 12...
O-O 13. Rac1 Re8 14. h3 {[%cal Gg1h2]} Bf8 15. Nd2 Qc7 16. a3 Rac8 17. b4 Qb8)
(11... Qb8 12. Ba3 Nc5 13. e5 dxe5 14. Qxe5 Ncd7 $1 15. Qxb8+ Rxb8 16. Bb2 (16.
Bc1 Rc8) 16... O-O 17. Nd4 $1 {[%csl Rc6]} Rfc8 18. Rac1 Kf8 19. Bxb7 Rxb7 20.
Kg2 Ne5 21. Nce2 Nfd7 $11) (11... O-O $6 12. Ba3 $14) 12. Ba3 Nc5 13. e5 dxe5
14. Qxe5 Rc8 15. Qxc7 Rxc7 16. Bc1 $1 {[%cal Gc1f4]} O-O 17. Bf4 Rcc8 18. Bd6
Rfe8 19. Ne5 Bxg2 20. Kxg2 Kf8 21. Rd4 Ncd7 22. Nxd7+ Nxd7 23. Rad1 $14) 9...
O-O 10. Bb2 a6 11. e4 {[%cal Gd4e3,Rf3d4]} Nbd7 12. Qe3 {[%cal Gf3d4] La
variante Uhlmann} (12. Rfd1 Qb8 {Uhlmann,W (2535)-Ljubojevic,L (2615) IBM
Amsterdam 1975 (2) 0-1}) (12. Rfe1) 12... Re8 (12... Qc7 13. Nd4 Rfe8 14. Rfe1
Bf8 15. h3 Rad8 16. Rad1) 13. Nd4 $14 Qc7 14. Qe2 $146 {[%cal Gf2f4] Il est
souvent utile d'enlever la Q de la diagonale "a7g1" pour pousser f4 sans
s'exposer а Bc5} (14. Rfe1 Bf8 $1 {[%cal Gg7g6,Gf8g7]} 15. h3 $1 {[%cal Gg1h2]}
Rad8 16. Rad1 Qb8 17. Re2 g6 18. Qc1 Nc5 19. Nc2 $1 Qa8 {[%csl Re4][%cal Gc5e4,
Gf6e4,Gb7e4] La manoeuvre connue du hérisson pour faire pression sur "e4"} 20.
Qf4 Nh5 21. Qd2) (14. h3 {Uhlmann,W (2535)-Jansa,V (2540) Leipzig DSV 1975 (13)
1/2}) 14... Bf8 {[%cal Gg7g6,Gf8g7] La manoeuvre habituelle pour réactiver le
B. La pratique tend а démontrer que la faiblesse "d6" est assez difficille а
attaquer.} 15. f4 g6 16. Rae1 (16. e5 $5 dxe5 17. fxe5 Bxg2 18. Kxg2 Nh5 19. g4
Ng7 20. Ne4 $36 {[%csl Rg7][%cal Ge4d6,Ge4f6,Ga1d1]} Be7 (20... Nxe5 21. Nf6+)
21. Qf3 Nxe5 22. Nf6+ Kh8 23. Nxe8 Rxe8 24. Nxe6 $1 fxe6 25. Qf4 $40 {[%csl
Rc7,Re5,Rh8][%cal Gb2e5]}) 16... h6 17. Nc2 Bg7 18. Ne3 {[%csl Gd5]} Nc5 19. f5
$1 Ncd7 (19... Ncxe4 $6 20. fxg6 (20. Nxe4 Nxe4) 20... fxg6 21. Nxe4 Nxe4 22.
Ng4 $44 {[%csl Re4,Rf6]}) 20. fxg6 fxg6 21. Ng4 $6 Nxg4 $1 {[%cal Gd7e5] Gagne
le contrôle de la case "e5" pour l'autre N} 22. Qxg4 Ne5 $1 $132 {[%csl Ge5]}
23. Qe2 h5 (23... Rf8 $15 {[%cal Ga8e8]} 24. Bh3 Qe7 (24... Rae8 25. Rxf8+))
24. a4 $6 {[%csl Rb4]} Qc5+ $1 25. Kh1 Qb4 $1 {[%csl Rb3] la Q a gagné deux
tempi pour s'infilter sur une case faible} 26. Qc2 Rac8 {[%cal Gc8c2,Gb6b5]}
27. Rd1 {Un coup naturel} b5 $3 $17 {le ressort se détend enfin et ce coup qui
semblait impossible donne l'inititiative aux noirs.  Une boutade célèbre du
GMI SUBA: Dans les positions de hérisson, les blancs sont bien mais ils ne
peuvent pas améliorer leur position alors que les noirs sont moins bien mais ..
. ils peuvent améliorer leur position!} 28. axb5 axb5 29. cxb5 Ng4 {[%csl Re3]
[%cal Gg7c3]} 30. Rd3 Rf8 $1 31. Rxf8+ Rxf8 32. Rf3 Rc8 $1 33. h3 $6 {[%cal
Oh3g4,Gh5h4] Une nouvelle faiblesse a été créee} Ne5 34. Re3 Qxb5 35. Nxb5 Rxc2
{[%csl Gc2]} 36. Nxd6 $6 {Un coup naturel mais la diagonale "b8h2" est ouverte
au B de cases noires.} Rxb2 37. Nxb7 Rb1+ 38. Kh2 Bf8 $1 {[%cal Gf8d6]} 39. Rc3
Kf7 40. Nc5 h4 $1 {[%cal Gf8d6,Gd6h2]} 41. Nb7 hxg3+ 42. Kxg3 Bb4 43. Nd8+ $4 (
43. Rc2 Rxb3+ 44. Kh2 Be1 $17 {[%csl Rg3]}) 43... Kf6 44. Rc8 Rxb3+ 45. Kh2 Bd6
{[%cal Oe5f3,Gd6h2]} 46. Kg1 Rb1+ 47. Bf1 Rb2 48. Bg2 g5 49. Nc6 Rc2 {[%cal
Oc2c6,Cc6a7,Cc8c2,Gc2c8]} 0-1

[Event "Syre Memorial op 29th"]
[Site "Issy les Moulineaux"]
[Date "2006.05.27"]
[Round "4"]
[White "Nguyen, Thanh Tong"]
[Black "Shirazi, Kamran"]
[Result "1-0"]
[WhiteElo "2352"]
[BlackElo "2405"]
[Annotator "Primel,D"]
[PlyCount "63"]
[EventDate "2006.05.25"]
[EventType "swiss"]
[EventRounds "6"]
[EventCountry "FRA"]
[SourceTitle "EXT 2007"]
[Source "ChessBase"]
[SourceDate "2006.11.23"]
[SourceVersion "1"]
[SourceVersionDate "2006.11.23"]
[SourceQuality "1"]

1. Nf3 b6 2. g3 Bb7 3. Bg2 g6 (3... Nf6) (3... c5) 4. O-O Bg7 5. c4 c5 6. Nc3
Nh6 $6 {L'excentricité du MI SHIRAZI peut assi lui jouer des tours comme dans
cette partie où il n'aura aucun contre-jeu.} (6... Nf6) 7. d4 cxd4 8. Bxh6 $1
Bxh6 9. Qxd4 f6 $146 ({RR} 9... O-O 10. Qh4 Kg7 11. Rfd1 e6 12. Qd4+ Kg8 13.
Nb5 Bg7 14. Qd2 Bc6 15. Rac1 Na6 16. Nfd4 Bxg2 17. Kxg2 Nc7 18. Qb4 Nxb5 19.
Nxb5 Qc8 20. Kg1 a6 21. Nc3 Rb8 22. b3 Qb7 23. Qe7 Rfd8 24. Qh4 {Ioseliani,N 
(2470)-Gurgenidze,B (2370)/Tbilisi 1991/CBM 024/1/2-1/2 (33)}) 10. Rfd1 Bg7 11.
Bh3 $1 {[%csl Rd7]} Bc6 12. b4 $1 (12. Be6 $5 Na6 13. Bd5 Bxd5 14. Nxd5 O-O 15.
Rac1 f5 16. Qh4 {[%csl Re7]} Re8 17. b3 e6 {[%cal Gd8h4]}) 12... O-O 13. b5 $1
{[%csl Rb8,Rd5,Rd7]} f5 14. Qd3 Bb7 15. Rac1 a6 16. Nd4 {[%cal Gd4e6]} (16. a4
d6) 16... axb5 17. cxb5 Qe8 18. Qc4+ {[%csl Rc7]} Qf7 19. Qc7 Be4 20. f3 Bh6 $2
{Les deux joueurs étaient déjà en zeitnot} 21. fxe4 Bxc1 22. Rxc1 Qg7 23. Qc4+
Kh8 24. Bg2 f4 $2 $138 25. gxf4 Rxf4 26. Nd5 {[%cal Gd5f4,Gd5b6]} Rf8 27. a4
Na6 {Le MI aurait mieux fait d'abandonner} 28. Nxb6 Rab8 29. a5 Rxb6 30. axb6
Nb8 31. b7 e6 32. Rb1 1-0

[Event "FRA-chT Top 16 Gp Haute"]
[Site "Guingamp"]
[Date "2010.06.03"]
[Round "8.2"]
[White "Pelletier, Yannick"]
[Black "Gashimov, Vugar"]
[Result "1/2-1/2"]
[WhiteElo "2596"]
[BlackElo "2734"]
[Annotator "Primel,D"]
[PlyCount "55"]
[EventDate "2010.06.03"]
[EventType "team-tourn"]
[EventRounds "11"]
[EventCountry "FRA"]
[SourceTitle "EXT 2011"]
[Source "ChessBase"]
[SourceDate "2010.11.26"]
[SourceVersion "1"]
[SourceVersionDate "2010.11.26"]
[SourceQuality "1"]
[WhiteTeam "Clichy"]
[BlackTeam "Evry Grand Roque"]
[WhiteTeamCountry "FRA"]
[BlackTeamCountry "FRA"]

1. Nf3 c5 2. c4 Nf6 3. Nc3 e6 4. g3 b6 5. Bg2 Bb7 6. O-O (6. d4 {L'idée
d'UHLMANN a connu un succès assez bref dans les années 70} cxd4 7. Qxd4 d6 8.
O-O {Retombe sur la grande ligne} (8. Bg5 $5)) 6... Be7 7. d4 cxd4 8. Qxd4 {
La variante Hérisson est un bon choix face а un super GMI car les blancs
gardent longtemps une petite initiative. L'azéri a pourtant relativement peu
joué le hérisson avec les noirs selon les bases.} d6 (8... Nc6 9. Qf4 O-O 10.
Rd1 {[%csl Rd6,Rd7]} Qb8 (10... d6) (10... a6) 11. Qxb8 (11. b3) (11. Ng5 {
[%cal Gg2b7]}) 11... Raxb8 12. Bf4 {Regagnant le tempo perdu par Qd4f4} Rbc8
13. Ne5 {[%cal Gg2b7]} d6 (13... Rfd8 14. Nb5 $36 {[%csl Ra7,Rd6][%cal Gb5a7,
Gg2c6,Gb5d6]}) 14. Nxc6 Bxc6 15. Bxd6 Bxd6 16. Rxd6 Bxg2 17. Kxg2 Rxc4 18. Rad1
$14 {Olafsson,F-Tal,M Portoroz Interzonal 1958 (18) 1/2}) (8... O-O $143 {
[%csl Rg8] Dans les positions de hérisson, les noirs ont intérêt а ne pas
roquer trop vite car il y a souvent des passages rapides en finale et le K
noir peut trouver une bonne case centalisée en "e7"} 9. Rd1 {[%csl Rd6,Rd7]} d6
(9... Qc8 {[%cal Gc8c4]} 10. Bf4 $14 {[%csl Rd6][%cal Gc3b5,Ga1c1,Gc1c8,Gb5d6,
Gb5c7]}) 10. Bg5 {[%csl Rd6][%cal Gg5f6]} Nbd7 {[%cal Gd7f6]} 11. Nb5 {[%csl
Rd6]} d5 12. cxd5 Bxd5 13. Nc3 {[%cal Gc3d5,Ge2e4,Gd1d8]} Bc6 14. Qc4 Qc8 (
14... Rc8 $6 15. Qa6 {[%csl Ra7]} Rc7 16. Bf4) 15. e4 $1 {[%csl Rc6][%cal
Gg5e7,Ge4e5,Gf3d4]} h6 16. Bf4 (16. Bxf6 $5 Nxf6 17. Rac1 Qb7 18. Ne5 $36 {
[%cal Ge5c6,Gc4e2]}) 16... Bb7 17. Qxc8 (17. Qe2 {[%cal Ga1c1,Gc3d5,Gc1c8]})
17... Rfxc8 18. e5 Nd5 19. Nxd5 Bxd5 20. Ne1 {Kramnik,V (2766)-Aronian,L (2744)
Amber-blindfold 16th rapid 2007 (6) 1-0} (20. Nd4 $5 {[%csl Rc6][%cal Gd1d7,
Gh2h4]} Bxg2 21. Kxg2 g5 22. Nc6)) 9. Bg5 (9. Rd1 {[%cal Gb2b3,Gc1a3,Ga3d6]})
9... a6 (9... Nbd7 {Jakovenko,D (2709)-Gashimov,V (2717) Poikovsky Karpov 9th
2008 (5) 1/2}) 10. Bxf6 {Le bon moment avant que les noirs ne puissent jouer
Nbd7 et reprendre du N. D'habitude, les échanges soulagent la défense des
camps lorsqu'ils ont une position resserrée mais les positions du hérisson
sont souvent l'exception а la règle et les échanges sont en fait, parfois dans
l'intérêt des blancs qui ont une bonne finale avec notamment l'affaiblissement
de la case "c6", un K centralisé et une majorité а l'aile-dame rapidement
mobilisée.} Bxf6 11. Qf4 {[%csl Rd6,Gf4] Comme dans la ligne Nc6, la Qf4
exerce une forte pression sur les cases noires centrales.} (11. Qd3 {[%cal
Gd3c3] Qd3 permet de protéger le Nc3 mais c'est souvent une simple
interversion de coups après 13.Ne4 Be4 et 14.Qe4}) 11... O-O (11... Bxf3 12.
Bxf3 (12. exf3 $5 {Van Wely,L (2641)-Leko,P (2739) Corus Wijk aan Zee 2010 (9)
1-0}) 12... Ra7 {[%cal Ga7d7];Schandorff,L (2355)-Short,N (2510) Wch U20
Belfort 1983 1/2}) (11... Bxc3 $6 {[%csl Rd6] Les noirs ont une position
passive dans cette ligne} 12. bxc3 Bxf3 $5 {[%cal Ga8a7,Ga7d7]} 13. Bxf3 Ra7
14. Rfd1 Rd7 15. Rab1 $1 $36 {[%csl Gb1,Rb6,Rb8];Kramnik,V (2790)-Ljubojevic,L
(2565) Amber-rapid 07th 1998 (9) 1-0}) 12. Rfd1 (12. Rad1 {[%cal Gd1d6,Gf4d6]}
Be7 13. Ne4 $14 {Meier,G (2653)-Reinaldo Castineira,R (2488) Pamplona 19th
2009 (8) 1-0}) 12... Be7 13. Ne4 {[%csl Rd6]} Bxe4 14. Qxe4 Ra7 {[%cal Ga7c7,
Gc7d7] L'ouverture a été jouée trés rapidement par les noirs} 15. Nd4 {[%csl
Gc6]} Rc7 {[%cal Gc7c4]} (15... Qc8 {[%cal Gc8c4]} 16. b3 Re8 17. a4 Qc5 18.
Ra2 $1 Bf6 {Karpov,A (2690)-Kasparov,G (2625) Moscow-4teams 1981 (6.1) 1/2}) (
15... Rd7 {[%csl Rb8] le problème des noirs dans cette variante est de pouvoir
développer le Nb8 car la Rd7 lui prend sa case naturelle.} 16. Qd3 $14 {
[%csl Rb8];Vaganian,R (2670)-Pelletier,Y (2604) FRA-chT Top 16 GpA 2005 1/2} (
16. Bh3 $1 {[%csl Re6][%cal Gh3d7];Bu Xiangzhi (2682)-Pelletier,Y (2589) World
Cup Khanty Mansiysk 2009 (1.1) 1/2})) 16. b3 Rc5 (16... Bf6 $5 {Malakhov,V 
(2670)-Nisipeanu,L (2707) Benidorm op rap 2nd rapid 2005 (9) 1-0}) 17. a4 $5 {
[%csl Gb5][%cal Ga1a2,Ga2d2,Ga4a5] Un coup multifonction pour éviter la
réaction b6b5 tout en donnant la possibilité а la Ra1 de transiter par "a2"
vers les cases "d2" ou même "c2"} (17. e3 Qc7 18. a4 Re8 19. Rd2 Bf8 20. Rad1
$14 {Sargissian,G (2643)-Aronian,L (2763) Yerevan Asrian Memorial rapid 2008 
(7) 1/2}) 17... Bf6 $5 (17... Qc7 {Kasparov,G (2817)-Adams,M (2731) ARM-ROW m
Moscow 2004 (4) 1/2}) 18. e3 (18. Rd2 $143 {[%cal Ga1d1]} d5 $1) 18... Re8 $146
(18... Qe7 {Adamski,J (2430)-Ksieski,Z (2400) Naleczow 1984 1/2}) 19. Ra2 $1 {
[%cal Ga2d2]} Qc7 (19... d5 $143 20. cxd5 exd5 21. Qd3 $16 {[%csl Rd5]}) 20.
Rad2 d5 21. cxd5 Rxd5 22. b4 {[%csl Gc5]} (22. Bf1 {[%csl Ra6][%cal Gf1c4]})
22... Rdd8 23. Nc6 {jouant pour la nulle qui serait un bon résultat pour le
suisse et son équipe de Clichy} (23. Bf1 $5 {[%csl Ra6,Rb8]}) 23... Rxd2 24.
Rxd2 Qxc6 25. Qxc6 Nxc6 26. Bxc6 Rd8 $11 27. Rxd8+ Bxd8 28. Bb7 {[%mdl 8]}
1/2-1/2

[Event "Match/Nation URS-YUG  31-9"]
[Site "Tallinn"]
[Date "1977.11.15"]
[Round "3.1"]
[White "Romanishin, Oleg M"]
[Black "Hulak, Krunoslav"]
[Result "1-0"]
[WhiteElo "2595"]
[BlackElo "2525"]
[Annotator "Primel,D"]
[PlyCount "77"]
[EventDate "1977.11.12"]
[EventType "team-match"]
[EventRounds "4"]
[EventCountry "URS"]
[SourceTitle "EXT 2018"]
[Source "ChessBase"]
[SourceDate "2017.10.13"]
[SourceVersion "1"]
[SourceVersionDate "2017.10.13"]
[SourceQuality "1"]
[WhiteTeam "URSS"]
[BlackTeam "Yugoslavia"]
[WhiteTeamCountry "URS"]
[BlackTeamCountry "YUG"]

1. Nf3 c5 2. c4 Nf6 3. g3 g6 4. b3 b6 5. Bb2 Bg7 6. Bg2 Bb7 7. d4 O-O 8. O-O e6
{Un coup naturel mais qui mélange un peu les systèmes} (8... cxd4 $142 9.
Qxd4 d6 10. Nc3) 9. dxc5 $5 {Une variante solide mais pas très ambitieuse qui
était notamment jouée par ANDERSSON pour jouer des positions techniques} (9.
Nc3 cxd4 (9... Na6 $1 {Le plus souple et les Noirs égalisent assez rapidement}
) 10. Qxd4 {La grande ligne de l'anglaise hérisson}) 9... bxc5 {[%cal Gd8b6]}
10. Nc3 d6 $146 (10... Qe7 11. Nb5 {Csom,I-Filip,M Olot 1975 (5) 1/2}) (10...
d5 $5 11. cxd5 exd5 {Andersson,U (2640)-Vaganian,R (2620) Interpolis Tilburg
1983 (7) 1/2}) (10... Qb6 $6 11. Na4 $16 {[%csl Gb2][%cal Ga4c5]}) 11. Nb5 $1 {
[%csl Rd6] Force un affaiblissement des Noirs} (11. Qd2 Qe7 12. Rad1 Rd8 13.
Rfe1 Nc6 14. Qc1 Nb4 15. Qb1 $14 {Artemiev,V (2671)-Levin,E (2518) RUS-ch
rapid 2015 (7) 1-0} (15. a3)) 11... Ne8 12. Bxg7 $1 {Le coup "e6" a
sérieusement affaibli les cases Noires} Kxg7 13. Qd2 {[%csl Rd6,Rg7][%cal
Gf1d1,Ga1d1,Gd2c3]} a6 14. Nc3 $14 {[%csl Gd5,Re8][%cal Ga1d1,Gf1d1]} Qe7 15.
Rfd1 $1 (15. Rad1 $143) 15... Nc6 16. a3 $1 Rc8 17. b4 $1 cxb4 18. axb4 {
La raison pour laquelle 15.Rad1 était moins fort} Nb8 (18... Nxb4 $4 19. Qb2 {
[%cal Gb2b4,Gb2g7,Gc3d5]} Nc6 20. Nd5+ {[%csl Re7]}) 19. Qb2 $36 {[%cal Gb2g7,
Gb2b4]} Nf6 20. Nd2 $1 e5 {[%csl Rd5] La pression de la Qb2 sur la grande
diagonale était pénible mais c'est au prix de l'affaiblissement de la case
"d5"} (20... Bxg2 $142 {Plus naturel} 21. Kxg2 Qb7+ 22. Kg1) 21. e4 {[%csl Gd5]
} (21. Nb3 $5 {[%cal Gb3a5,Ga5c4,Ga5b7]} Rxc4 22. Na5 Rc7 23. Nxb7) 21... Nc6
22. Nd5 $36 Qd8 (22... Nxd5 $6 23. cxd5 Nb8 24. Rdc1 $40 {[%csl Gc6]}) 23. Nb3
Rb8 24. b5 axb5 25. cxb5 Nd4 $5 26. Nxd4 Bxd5 27. exd5 exd4 28. Rxd4 {[%csl
Rf6,Rg7][%cal Gd4f4]} Re8 $1 {[%cal Ge8e5]} 29. h3 $1 {[%cal Gg1h2] Un coup
prophylactique utile pour permettre à la Ra1 d'attaquer sans affaiblir la
première rangée.} (29. Rc4 {[%cal Gc4c6]}) (29. Rf4 Re5) 29... Re5 {Ferme la
diagonale tout en faisant pression sur le P"d5"} 30. Ra6 $1 Qe7 31. Qb4 {
[%csl Rd6]} Re1+ 32. Kh2 Qe5 33. Rd2 Ne4 $2 $138 (33... h5 {[%cal Gh5h4,Ge5h2]}
34. b6 h4 35. Qxh4 Rb1 $44) 34. Bxe4 Rxe4 35. Qb2 $1 {Le coup gagnant car
après l'échange des Q, la Re4 n'aura plus le temps de revenir en défense}
Qxb2 36. Rxb2 {[%csl Gb2,Rd6,Re4][%cal Gb5b8]} Rd8 {[%csl Re4]} 37. b6 Re7 38.
Ra7 Red7 39. Rxd7 1-0

[Event "CHN-chT"]
[Site "China"]
[Date "2015.07.27"]
[Round "11.28"]
[White "Bu, Xiangzhi"]
[Black "Ma, Zhonghan"]
[Result "1-0"]
[WhiteElo "2681"]
[BlackElo "2448"]
[Annotator "Primel,D"]
[PlyCount "105"]
[EventDate "2015.04.10"]
[EventType "team-match"]
[EventRounds "22"]
[EventCountry "CHN"]
[SourceTitle "EXT 2019"]
[Source "ChessBase"]
[SourceDate "2018.10.10"]
[SourceVersion "1"]
[SourceVersionDate "2018.10.10"]
[SourceQuality "1"]
[WhiteTeam "Chongqing"]
[BlackTeam "Qingdao"]
[WhiteTeamCountry "CHN"]
[BlackTeamCountry "CHN"]
[TimeControl "5400+30"]

1. Nf3 Nf6 2. c4 c5 3. Nc3 e6 4. g3 b6 5. Bg2 Bb7 6. O-O Be7 (6... a6 $5 {
Cette ligne secondaire rend moins efficace la variante ANDERSSON avec Bg5} 7.
d4 cxd4 8. Qxd4 d6 9. Rd1 (9. Bg5 $142 Nbd7 $1 10. Bxf6 Nxf6 $11 {Et les
Blancs n'ont rien obtenu de l'ouverture}) 9... Be7 (9... Nbd7 10. Ng5 Bxg2 11.
Kxg2 Rc8 12. Nge4 Rc6 13. Bf4 $1 Qa8 {[%cal Ga8g2]} (13... e5 14. Nxf6+ Nxf6
15. Bxe5) 14. Kg1 Nxe4 15. Qxe4 Nf6 16. Qf3 Qc8 17. Rd2 Be7 18. Rad1 $14 {
Adorjan,A (2580)-Suba,M (2445) Dortmund 1984 (11) 1-0})) 7. d4 cxd4 8. Qxd4 d6
9. Bg5 $5 {Une vieille idée du GMI ANDERSSON} a6 (9... Nbd7 $143 10. Nb5 {
[%csl Rd6]} d5 11. cxd5 Bxd5 12. Rac1 {[%cal Gb5c7]} O-O 13. Rfd1 $32) 10. Bxf6
$1 {Sans laisser aux Noirs le temps de jouer Nbd7} Bxf6 11. Qf4 (11. Qd3) 11...
O-O (11... Bxf3 12. exf3 {La variante à la mode} Ra7 13. Rfd1 Rd7 14. Ne4 Be7
15. Qe3 O-O 16. f4 $14 {[%cal Gf4f5]}) 12. Rfd1 (12. Rad1) 12... Be7 13. Ne4
Bxe4 14. Qxe4 Ra7 15. Nd4 {[%csl Gc6,Re6][%cal Gd4e6,Ge4e6,Gd4c6] Comme
souvent dans ce genre de structure hérisson, la case "c6" est sensible et les
Noirs doivent jouer de manière précise. Les Blancs ont également parfois
des possibilités de sacrifice Ne6} Rc7 (15... Qc8) (15... Rd7 {Un coup
naturel pour protéger le P"d6" mais ce coup a pour défaut de prendre une
case au Nb8 tout en donnant plus de force au sacrifice potentiel Ne6} 16. Bh3 {
[%cal Gd4e6]} (16. Qd3 Qc7 17. Rac1 (17. a4 {[%csl Gb5]} Bf6 18. e3)) (16. Rd2
Qc7 17. b3 Re8 (17... Rc8 18. a4 Bf6 19. Rad1 Rdd8 20. e3 Nd7 21. Nc6 (21. Qb1
Nc5 22. Qa2 {[%cal Gb3b4,Ga2c4]}) 21... Nc5) 18. a4) 16... d5 17. cxd5 Rxd5 18.
Rd3 {[%cal Ge2d3,Gd4e6]}) 16. b3 (16. Rd2) 16... Rc5 (16... Re8 {[%cal Ge8e4]}
17. Rac1 Qc8 18. Qb1 Nd7 19. e3 Bf8 20. h3 h6 21. Rc2 Nf6 22. Rdd2 Qd7 23. a4
Rec8 24. Qd1 Qe8 25. Kh2 Nd7 26. Qh1 Nc5 27. b4 Nd7 28. Bb7 Ne5 29. Bxa6 Ra8
30. Bb5 Qc8 31. f4 Ng6 32. Bc6 Ra6 33. Bb5 Ra8 34. Nc6 Ne7 35. Rxd6 Nxc6 36.
Rxc6 Rxc6 37. Qxc6 Bxb4 38. Qxb6 Bc5 39. Qc6 Bxe3 40. Qxc8+ Rxc8 41. a5 Kf8 42.
Kg2 Ke7 43. Kf3 Bc5 44. a6 Rd8 45. Ke2 Rd4 46. Ra2 {Meier,G (2632)-Malakhov,V 
(2694) Dubai 2014 1-0}) 17. a4 $1 {[%csl Gb5][%cal Ga1a2,Ga2d2,Ge4b1]} Qc8 18.
Qb1 {Une manoeuvre thématique} (18. Ra2 Bf6 19. e3 Rd8 20. Qb1 Nd7 21. Rad2
$14) 18... Nd7 $146 (18... Rd8 19. Ra2 Rd7 20. Rad2 Rdc7 21. Qa2 g6 22. e3 Bf8
23. h4 Nd7 24. Bf1 Ne5 25. b4 Rxc4 26. Bxc4 Rxc4 27. Rc2 d5 28. b5 axb5 29.
axb5 Qc5 30. Rdc1 Rxc2 31. Rxc2 Nc4 32. Qa4 Bd6 33. Qa8+ Kg7 34. Qa7 Kg8 35.
Qa8+ Kg7 36. Qb7 Be7 37. Ra2 Qb4 38. Kg2 e5 39. Nc6 Qb1 40. Qa7 Bc5 41. Nd8 Qf5
42. Re2 e4 43. Qa1+ Kg8 44. Qa2 Bd6 45. Nc6 Qf3+ 46. Kh2 Qg4 47. Kg2 h5 48. Nd4
{Kambrath,Y (2266)-Lamard,G (2275) Saint Paul Trois Chateaux 2013 1/2-1/2 (63)}
) 19. Ra2 Rd8 20. Rc2 $14 {Les Blancs gardent un avantage d'espace} (20. Rad2
Bf6 21. e3 $14) 20... Ne5 $6 (20... Bf6 $142 21. e3) 21. h3 Rc7 22. e3 Bf8 23.
Qa2 $1 {[%cal Ga2c4,Gb3b4,Gd1c1] Une surprotection de la case "c4" pour
préparer la poussée b4} d5 $6 {Les Noirs perdent patience et le P"d5" sera
une faiblesse difficile à protéger} (23... g6 $5) 24. cxd5 exd5 25. Rxc7 (25.
Rdc1 Rxc2 26. Rxc2 (26. Qxc2) 26... Qb7 27. Qb2 Rc8 28. Qc1) 25... Qxc7 26. Qe2
$1 $16 {[%cal Ge2a6] Provoquant un autre affaiblissement} a5 {[%csl Gb5]} 27.
Nb5 $36 Qc5 28. Qh5 f6 29. Qf5 Kh8 30. Be4 $1 $40 {[%csl Rd5,Rh7] La double
attaque gagne le P} Ng6 31. Kg2 (31. h4 {[%cal Gh4h5]} Be7 32. h5 Nf8 33. Rxd5)
31... Qe7 32. Rxd5 Rxd5 33. Qxd5 {le P "d5" est tombé mais la présence de B
de couleurs opposées donne une position pas si claire} Ne5 34. Nd4 g6 (34...
h5 $5 {[%cal Gh5h4]} 35. Nf5 (35. Ne6)) 35. Ne6 Nd7 36. Nxf8 {Une décision un
peu discutable car en général le couple N+Q donne souvent des chances
tactiques en jouant sur les deux couleurs.} Nxf8 37. Qc6 Qe6 38. Qb7 (38. Qxe6
$143 Nxe6 39. Kf3 Nc5 40. Bc2 Kg7 41. e4 Kf7 42. Ke3 Ke6 43. Kd4 {[%csl Rc2]})
38... Nd7 39. Bc6 $1 Ne5 40. Bd5 $1 {[%csl Re6,Rh8][%cal Gd5g8]} Qd6 41. Qa8+
Kg7 42. f4 Nd7 43. Kf3 $1 Qb8 $2 $138 44. Qxb8 {Par rapport à l'échange
proposée au 38ème coup, il est réalisé dans des meilleures conditions pour
les Blancs} Nxb8 45. Ke4 {[%csl Rb6,Rb8]} Kf8 46. Bc4 Nc6 47. Kd5 Ne7+ 48. Kd6
Nf5+ 49. Kc6 Nxg3 50. Kxb6 h5 51. Kxa5 g5 52. fxg5 fxg5 53. Kb6 1-0